000 01446pam a2200349 a 4500
001 4889866
003 OSt
005 20231002062507.0
008 931014s1993 txua b 001 0 eng c
010 _a 93041432
020 _a0683307061
_c$34.95
040 _aDNLM/DLC
_cDLC
_dDLC
050 0 0 _aRC685.H8
_bH923 1993
060 0 0 _aWG 340 H99654 1993
082 0 0 _aWG340 H999J 1999.
_220
100 _aJoseph L. Izzo, Jr. and Henry R. Black, editors ; Kathryn A. Taubert, executive editor.
_916670
245 0 0 _aHypertension primer :
_bthe essentials of high blood pressure /
_cJoseph L. Izzo, Jr. and Henry R. Black, editors ; Kathryn A. Taubert, executive editor.
250 _a2nd ed.
260 _acanada
_bAmerican Heart Association,
_cc1999.
300 _axxiii, 471 p. :
_bill. ;
_c28 cm.
500 _a"From the Council on High Blood Pressure Research, American Heart Association."
504 _aIncludes index.
650 0 _aHypertension.
_93146
650 2 _aHypertension.
_93146
700 1 _aIzzo, Joseph L.
_916671
700 1 _aBlack, Henry R.
_q(Henry Richard),
_d1942-
_916672
700 1 _aTaubert, Kathryn A.
_916673
710 2 _aCouncil for High Blood Pressure Research (American Heart Association)
_916674
906 _a7
_bcbc
_corignew
_d1
_eocip
_f19
_gy-gencatlg
942 _2z
_cO_SHELF
999 _c8166
_d8166